'R' Food Pictures Quiz Stats

 Plays Quiz Updated Apr 10, 2015

Also try: 'S' Food Pictures
Challenge
Share
Tweet
Score 0/16 Timer 05:00
11 Plays Today
Column 'R' Food % Correct
Rice
99.3%
Raspberries
96.7%
Ribs
95.8%
Raisins
92.6%
Radishes
92.1%
Ravioli
92%
Rye Bread
84.2%
Roast Beef
75.8%
Column 'R' Food % Correct
Rhubarb
70.4%
Ramen Noodles
68.9%
Relish
67.8%
Rosemary
67.5%
Reuben Sandwich
56.6%
Rigatoni
54.1%
Romaine Lettuce
50.9%
Ratatouille
48.9%

You're not logged in!

Compare scores with friends on all Sporcle quizzes.
Join for Free
OR
Log In

You Might Also Like...

Show Comments

Extras

Top Quizzes Today


Score Distribution

Your Account Isn't Verified!

In order to create a playlist on Sporcle, you need to verify the email address you used during registration. Go to your Sporcle Settings to finish the process.

Report this User

Report this user for behavior that violates our Community Guidelines.

Details: